GateIn cookbook (Record no. 66765)
[ view plain ]
| 000 -LEADER | |
|---|---|
| fixed length control field | 01202nam a2200313Ia 4500 |
| 100 1# - MAIN ENTRY--AUTHOR NAME | |
| Personal name | Finnigan, Kenneth. |
| 245 10 - TITLE STATEMENT | |
| Title | GateIn cookbook |
| 260 ## - PUBLICATION, DISTRIBUTION, ETC. (IMPRINT) | |
| Place of publication | Birmingham : |
| Name of publisher | Packt Publishing, |
| Year of publication | 2012. |
| 300 ## - PHYSICAL DESCRIPTION | |
| Number of Pages | iii, 375 p. : |
| Other physical details | ill. |
| 500 ## - GENERAL NOTE | |
| General note | Includes index. |
| 650 #0 - SUBJECT ADDED ENTRY--TOPICAL TERM | |
| Topical Term | Web portals |
| Topical Term | Intranets (Computer networks) |
| 700 1# - ADDED ENTRY--PERSONAL NAME | |
| Personal name | Stancapiano, Luca. |
| Personal name | Lucidi, Piergiorgio. |
| 856 40 - ELECTRONIC LOCATION AND ACCESS | |
| Uniform Resource Identifier | http://site.ebrary.com/lib/rucke/Doc?id=10627288 |
No items available.
